Translation: French to English - Statistics

General Stats
  • This quiz has been taken 191 times
  • The average score is 10 of 15
Answer Stats
Hint Answer % Correct
l'anglais English
98%
Je suis I am
97%
Je m'apelle My name is
94%
lundi Monday
93%
Interessant Interesting
91%
Amis Friends
90%
Parce Que Because
84%
je fais I do
78%
Amusant Funny
75%
Ennuyeux Boring
68%
l'informatiqe Computing
35%
Je Vais au College I go to School
32%
Dix heures neuf 10.09
17%
En Banlieue Suburb
15%
Une Manoir Mansion
13%
No matching quizzes found
Score Distribution
Percent of People with Each Score
Percentile by Number Answered
Your Score History
You have not taken this quiz